000 00479nam a2200121Ia 4500
008 250103s2023 xx 000 0 und d
020 _a978-981-19-6952-2
041 _aeng
100 _aJie Gao, Qun Zheng, Feng Lin, Chen Liang, Yu Liu
245 _aVariable Geometry Turbine Technology for Marine Gas Turbines
260 _bSpringer Nature Singapore
_c2023
856 _uhttps://link.springer.com/openurl?genre=book&isbn=978-981-19-6952-2
_zhttps://doi.org/10.1007/978-981-19-6952-2
999 _c12734
_d12734